| 000 | 00890cab a2200265 4500 | ||
|---|---|---|---|
| 001 | WB3111-10 | ||
| 008 | 090401t1995 xxu||||| |||| 00| 0 eng d | ||
| 035 | _a(Sirsi) u29112 | ||
| 041 | _aeng | ||
| 245 | _aOut-of-town retail development | ||
| 260 | _c1995 | ||
| 350 | _a0 | ||
| 490 |
_aFinancial Times _v16 March 1995, 10(1) |
||
| 520 | _aFood retailers spent £7.25bn on expansion over the past 5 years but achieved a total increase in UK profits of only £300m according to the chief executive of Asda, who argues that retail development should be slowed. | ||
| 650 | _aASDA | ||
| 650 | _aOUT-OF-TOWN SHOPPING CENTRES | ||
| 650 | _aPLANNING POLICY | ||
| 650 | _aRETAIL DEVELOPMENT | ||
| 650 | _aRETAILERS | ||
| 650 | _aSUPERSTORES | ||
| 650 | _aTOWN CENTRE REGENERATION | ||
| 690 | _aPROPERTY-COMMERCIAL PROPERTY-RETAIL PROPERTY | ||
| 942 | _n0 | ||
| 948 | _c04/03/1997 | ||
| 999 |
_c19597 _d19597 |
||